000 00867cam a2200253 4500
001 gs 68000338
003 DLC
005 20260227111423.0
008 691016s1968 dcuab 00010 eng c
010 _ags 68000338 //r892
040 _aU.S. Geological Survey Library
_dDLC
043 _an-us-ak
050 0 _aQE75
_b.C5 no. 559
051 _aTN24.A4
_bR43
_cCopy 2.
082 _a553/.4/097986
100 1 0 _aReed, Bruce L.,
_d1934-
245 1 0 _aLead, zinc, and silver deposits at Bowser Creek,
_bMcGrath A-2 quadrangle, Alaska,
_cby Bruce L. Reed and Raymond L. Elliott.
260 0 _aWashington,
_c1968.
300 _aiii, 17 p.
_billus., maps.
_c26 cm.
490 1 _aGeological Survey circular 559
650 0 _aOre deposits
_zAlaska
_zFarewell region.
700 1 0 _aElliott, Raymond L.,
_d1935-
_ejoint author.
830 0 _aGeological Survey circular ;
_v559.
999 _c30539
_d30539